[Event "Lichtenberger Sommer 2018"]
[Site "?"]
[Date "2018.08.22"]
[Round "5.71"]
[White "Engelhardt, Erhard"]
[Black "Junge, Wolfgang"]
[Result "1/2-1/2"]
[WhiteElo "1769"]
[BlackElo "1829"]
[PlyCount "32"]
[EventDate "2018.??.??"]
[WhiteTeam "SSV Rotation Berlin"]
[BlackTeam "SC Friesen Lichtenberg"]

1. f4 d5 2. e3 Nf6 3. Nf3 e6 4. b3 Nbd7 5. Bb2 Bd6 6. Be2 O-O 7. O-O Re8 8. d4
c6 9. Bd3 Nf8 10. Ne5 Ne4 11. Nd2 f6 12. Nef3 f5 13. Ne5 Nd7 14. c3 Ndf6 15.
Qe2 Qe7 16. Kh1 Nxd2 1/2-1/2

[Event "Lichtenberger Sommer 2018"]
[Site "?"]
[Date "2018.08.22"]
[Round "5.72"]
[White "Kohlmeyer, Dagobert"]
[Black "Hesselbarth, Karlheinz"]
[Result "1/2-1/2"]
[WhiteElo "1858"]
[BlackElo "1723"]
[PlyCount "54"]
[EventDate "2018.??.??"]
[WhiteTeam "SG Weißensee 49"]
[BlackTeam "SC Zugzwang 95 (Berlin)"]

1. e4 e5 2. Nf3 Nc6 3. Bb5 a6 4. Bxc6 bxc6 5. O-O d6 6. d4 exd4 7. Qxd4 c5 8.
Qd1 Be7 9. Nc3 Nf6 10. e5 dxe5 11. Qxd8+ Bxd8 12. Nxe5 Bb7 13. Be3 Be7 14. Na4
Bd6 15. Nc4 Nd7 16. Rad1 Bc6 17. Nc3 Be7 18. Bf4 O-O-O 19. Rfe1 Rhe8 20. Re3
Bf6 21. Red3 Nb6 22. Rxd8+ Rxd8 23. Rxd8+ Kxd8 24. Nxb6 cxb6 25. Nd1 Kd7 26. c3
Bd5 27. a3 Kc6 1/2-1/2

[Event "Lichtenberger Sommer 2018"]
[Site "?"]
[Date "2018.08.22"]
[Round "5.73"]
[White "Timm, Christian"]
[Black "Schilly, Hans-Joachim"]
[Result "1-0"]
[WhiteElo "1651"]
[BlackElo "1771"]
[PlyCount "91"]
[EventDate "2018.??.??"]
[WhiteTeam "König Springer Herzberg"]
[BlackTeam "SF Siemensstadt"]

1. Nf3 d5 2. g3 Bf5 3. d4 c6 4. Bg2 e6 5. O-O Be7 6. c3 Nd7 7. b4 h6 8. a4 Ngf6
9. Ba3 Nb6 10. Nbd2 O-O 11. a5 Nbd7 12. Qb3 a6 13. c4 Qc7 14. Rfc1 Qb8 15. cxd5
exd5 16. Bb2 Ne4 17. Nxe4 Bxe4 18. Nd2 Bxg2 19. Kxg2 Nf6 20. Re1 Qd6 21. Ba3
Qd7 22. Nf3 Qf5 23. Qe3 Bd6 24. Nh4 Qd7 25. Qd3 Ne4 26. f3 Ng5 27. Nf5 Rfe8 28.
h4 Nh7 29. Nxd6 Qxd6 30. b5 Qd7 31. bxc6 bxc6 32. Rab1 Nf6 33. Rb6 Qc8 34. Rc1
Re6 35. Qc2 Qe8 36. Kf2 Nh5 37. Rxc6 g5 38. Rxe6 fxe6 39. hxg5 hxg5 40. Bd6 Ng7
41. Rh1 Nh5 42. g4 Rc8 43. Qd3 Nf6 44. Be5 Nxg4+ 45. fxg4 Qf7+ 46. Kg2 1-0

[Event "Lichtenberger Sommer 2018"]
[Site "?"]
[Date "2018.08.22"]
[Round "5.75"]
[White "Schindler, Rudolf"]
[Black "Schiller, Stephan"]
[Result "1-0"]
[WhiteElo "1835"]
[BlackElo "1604"]
[PlyCount "101"]
[EventDate "2018.??.??"]
[WhiteTeam "Lasker Steglitz-Wilmersdorf"]
[BlackTeam "SV Motor Wildau"]

1. Nf3 d5 2. c4 c6 3. e3 Nf6 4. Be2 Nbd7 5. O-O e5 6. cxd5 Nxd5 7. Nc3 Bd6 8.
d4 Nxc3 9. bxc3 e4 10. Nd2 Qh4 11. f4 Qe7 12. Nc4 Bc7 13. Ba3 c5 14. d5 Qf6 15.
d6 Bd8 16. Qd5 O-O 17. Qxe4 Nb6 18. Bxc5 Bd7 19. Ne5 Bf5 20. Qxb7 Rc8 21. Bb4
a5 22. Bxa5 Qxd6 23. Bb4 Qd2 24. Rf2 Qxe3 25. Bxf8 Rc7 26. Qb8 Rc8 27. Qd6 Bc7
28. Qc5 Qd2 29. Bd3 Bxe5 30. Qxe5 Qxc3 31. Qxc3 Rxc3 32. Bxf5 Kxf8 33. Re2 g6
34. Be4 Rc4 35. g3 Nd7 36. Bf3 Rc3 37. Kf2 Nc5 38. a4 Ne6 39. Rxe6 fxe6 40. a5
Rc7 41. a6 Ra7 42. Bb7 Ke7 43. Rd1 h6 44. Ke3 g5 45. fxg5 hxg5 46. h4 Kf6 47.
h5 e5 48. Ke4 g4 49. Rf1+ Kg5 50. Kxe5 Kxh5 51. Kf6 1-0

[Event "Lichtenberger Sommer 2018"]
[Site "?"]
[Date "2018.08.22"]
[Round "5.76"]
[White "Schulz-Runge, Michael"]
[Black "Wilke, Hans-Peter"]
[Result "1-0"]
[WhiteElo "1758"]
[BlackElo "1515"]
[PlyCount "73"]
[EventDate "2018.??.??"]
[WhiteTeam "FS Dortmund"]
[BlackTeam "Läufer Reinickendorf"]

1. e4 c5 2. Nc3 d6 3. f4 Nc6 4. Bb5 Bd7 5. Nf3 a6 6. Bxc6 Bxc6 7. d4 cxd4 8.
Qxd4 Nf6 9. O-O e6 10. h3 Be7 11. Be3 Qc7 12. a4 O-O 13. Qd3 Rac8 14. a5 Rfe8
15. Bb6 Qd7 16. Rfd1 Rf8 17. Qe3 Ne8 18. Nd4 Bd8 19. e5 Bxb6 20. axb6 d5 21.
Nf3 g6 22. g4 Ng7 23. Ne4 Qe7 24. Nf6+ Kh8 25. Ng5 h6 26. Ngh7 Rfd8 27. c3 Bb5
28. Rd4 Rc4 29. f5 g5 30. Nxg5 Nxf5 31. gxf5 Rg8 32. Nxg8 Qxg5+ 33. Qxg5 hxg5
34. Ne7 Rxd4 35. cxd4 Bd3 36. f6 Kh7 37. Ra3 1-0

[Event "Lichtenberger Sommer 2018"]
[Site "?"]
[Date "2018.08.22"]
[Round "5.77"]
[White "Murat, Abylay"]
[Black "Geldner, Gerrit"]
[Result "1-0"]
[WhiteElo "1708"]
[BlackElo "1780"]
[PlyCount "69"]
[EventDate "2018.??.??"]
[WhiteTeam "SC Friesen Lichtenberg"]
[BlackTeam "vereinslos"]

1. d4 d6 2. c4 g6 3. Nc3 Bg7 4. Nf3 Nf6 5. Bg5 O-O 6. Qd2 b6 7. Bh6 Bb7 8. Bxg7
Kxg7 9. d5 Nbd7 10. e4 Re8 11. Be2 e6 12. h4 h5 13. Ng5 exd5 14. cxd5 Ne5 15.
O-O-O Bc8 16. f4 Neg4 17. Rdf1 Nh7 18. Qd4+ f6 19. f5 gxf5 20. exf5 Ne3 21.
Bxh5 Nxf5 22. Ne6+ Bxe6 23. Qg4+ Kh8 24. Bxe8 Ne3 25. Qxe6 Nxf1 26. Bc6 Ng3 27.
Rh3 Nh5 28. Qg4 Qg8 29. Qxh5 Qxg2 30. Re3 Qg1+ 31. Nd1 Rg8 32. Re7 Rg7 33. Qe8+
Rg8 34. Qd7 Nf8 35. Qf5 1-0

[Event "Lichtenberger Sommer 2018"]
[Site "?"]
[Date "2018.08.22"]
[Round "5.78"]
[White "Lange, Johannes Friedrich"]
[Black "Bode, Jan-Michael"]
[Result "0-1"]
[WhiteElo "1447"]
[BlackElo "1874"]
[PlyCount "112"]
[EventDate "2018.??.??"]
[WhiteTeam "TSG Oberschöneweide"]
[BlackTeam "SW Lichtenrade"]

1. e4 e5 2. Nf3 Nc6 3. Bc4 h6 4. O-O Nf6 5. Nc3 Be7 6. Re1 O-O 7. d4 d6 8. dxe5
Nxe5 9. Nxe5 dxe5 10. h3 c6 11. Bd2 Qd4 12. Qe2 b5 13. Bb3 a5 14. a3 Ba6 15.
Be3 Qd7 16. Rad1 Qc7 17. Qf3 b4 18. axb4 axb4 19. Ne2 Rad8 20. Ng3 Bc8 21. Nf5
Bxf5 22. Qxf5 Kh8 23. Rxd8 Bxd8 24. Rd1 g6 25. Qf3 Kg7 26. g4 Nh7 27. Ba4 Ng5
28. Qg2 Ne6 29. Qg3 Bf6 30. h4 Nf4 31. Kh2 g5 32. h5 Be7 33. Qf3 Rd8 34. Rxd8
Bxd8 35. Bc5 Qa5 36. Qd1 Qxc5 37. Kg3 Bb6 38. Qd2 Qd4 39. Qxd4 Bxd4 40. c3 bxc3
41. bxc3 Ne2+ 42. Kf3 Nxc3 43. Bxc6 Kf6 44. Kg2 Ke7 45. f3 Kd6 46. Be8 f6 47.
Kf1 Kc5 48. Bf7 Be3 49. Ke1 Kd4 50. Be6 Bg1 51. Kd2 Bf2 52. Bf5 Be1+ 53. Kxe1
Ke3 54. Kf1 Kxf3 55. Ke1 Nxe4 56. Kf1 Ng3+ 0-1

[Event "Lichtenberger Sommer 2018"]
[Site "?"]
[Date "2018.08.22"]
[Round "5.79"]
[White "Ostwald, Tobias"]
[Black "Zinnecker, Peter"]
[Result "0-1"]
[WhiteElo "1796"]
[BlackElo "1401"]
[PlyCount "40"]
[EventDate "2018.??.??"]
[WhiteTeam "MSA Zugzwang"]
[BlackTeam "SV Teutonia Coerde"]

1. f4 c5 2. Nf3 g6 3. e3 Bg7 4. d4 cxd4 5. exd4 Nc6 6. c3 e6 7. Bd3 d6 8. O-O
Nge7 9. Be3 O-O 10. Bc2 a6 11. a3 b5 12. Qd3 a5 13. Nbd2 Ba6 14. b4 axb4 15.
axb4 Nd5 16. Bb3 Nxe3 17. Qxe3 Qb6 18. Ne4 Ne7 19. Neg5 Nf5 20. Bxe6 Nxe3 0-1

[Event "Lichtenberger Sommer 2018"]
[Site "?"]
[Date "2018.08.22"]
[Round "5.80"]
[White "Mueller, Jörg René"]
[Black "Jugert, Ole"]
[Result "0-1"]
[WhiteElo "1547"]
[BlackElo "1650"]
[PlyCount "94"]
[EventDate "2018.??.??"]
[WhiteTeam "SC Zugzwang 95 (Berlin)"]
[BlackTeam "vereinslos"]

1. e4 c5 2. c4 Nc6 3. Nc3 e6 4. b3 Nf6 5. Bb2 a6 6. Nf3 d6 7. Qc2 Nd4 8. Nxd4
cxd4 9. Ne2 e5 10. d3 Qa5+ 11. Qd2 Qxd2+ 12. Kxd2 Bd7 13. h3 b5 14. Rc1 Rc8 15.
f4 h5 16. g3 bxc4 17. Rxc4 Rxc4 18. bxc4 Be7 19. Bg2 O-O 20. Rb1 Rb8 21. Kc1
Ba4 22. Ba3 Rxb1+ 23. Kxb1 Kf8 24. fxe5 dxe5 25. Bxe7+ Kxe7 26. Kb2 Nd7 27. Ka3
Nc5 28. Nc1 a5 29. Bf1 g6 30. Nb3 Nxb3 31. axb3 Bd7 32. b4 axb4+ 33. Kxb4 Kd6
34. Ka5 Kc5 35. Ka6 f5 36. Bg2 fxe4 37. Bxe4 Bf5 38. Bd5 Bxh3 39. Ka5 Bf5 40.
Ka4 Bxd3 41. Kb3 g5 42. Bf7 h4 43. gxh4 gxh4 44. Be6 Bf1 45. Bd5 h3 46. Kc2
Bxc4 47. Be4 Bd5 0-1

[Event "Lichtenberger Sommer 2018"]
[Site "?"]
[Date "2018.08.22"]
[Round "5.81"]
[White "Theilig, Reinhard"]
[Black "Mayer, Herbert"]
[Result "0-1"]
[WhiteElo "1598"]
[BlackElo "1840"]
[PlyCount "86"]
[EventDate "2018.??.??"]
[WhiteTeam "VfB Hermsdorf"]
[BlackTeam "SC Rochade (Berlin)"]

1. Nf3 d5 2. c4 Nf6 3. cxd5 Nxd5 4. g3 g6 5. Nc3 Nxc3 6. bxc3 Bg7 7. Bg2 Nd7 8.
O-O O-O 9. d4 Nb6 10. a4 c6 11. Nd2 Be6 12. Rb1 Qd7 13. a5 Nc4 14. Nxc4 Bxc4
15. Bf4 Rfe8 16. Rb4 Ba6 17. Re1 Rad8 18. Qb3 Qf5 19. Qa2 c5 20. e4 Qc8 21.
Rbb1 cxd4 22. cxd4 Bxd4 23. Rec1 Qd7 24. Rc7 Qe6 25. Qxe6 fxe6 26. Bf1 Bxf1 27.
Kxf1 e5 28. Bg5 Rf8 29. f4 exf4 30. Bxe7 fxg3+ 31. Bxf8 Rxf8+ 32. Kg2 b6 33.
axb6 Bxb6 34. Rd7 gxh2 35. Kxh2 Re8 36. Rc1 Be3 37. Rcc7 Bf4+ 38. Kg2 Bxc7 39.
Rxc7 Rxe4 40. Rxa7 Rf4 41. Kg3 Rf7 42. Ra6 Kg7 43. Kg4 Rd7 0-1

[Event "Lichtenberger Sommer 2018"]
[Site "?"]
[Date "2018.08.22"]
[Round "5.82"]
[White "Keusch, Horst"]
[Black "Caglar, Erdal"]
[Result "1-0"]
[WhiteElo "1932"]
[BlackElo "1486"]
[PlyCount "117"]
[EventDate "2018.??.??"]
[WhiteTeam "SC Friesen Lichtenberg"]
[BlackTeam "SW Lichtenrade"]

1. d4 f5 2. Nf3 Nf6 3. g3 e6 4. Bg2 Be7 5. O-O O-O 6. c4 d6 7. Nc3 Nbd7 8. Qc2
Qe8 9. Ng5 Nb6 10. b3 Qg6 11. e4 Nh5 12. exf5 exf5 13. Nh3 c6 14. Nf4 Nxf4 15.
Bxf4 Bd7 16. Qd2 Rae8 17. Rfe1 Nc8 18. Ne2 Bd8 19. Qb4 Bb6 20. c5 a5 21. Qc4+
d5 22. Qc3 Bd8 23. Be5 Na7 24. Nf4 Qf7 25. a4 b5 26. Qd3 b4 27. Qa6 Bc8 28. Qd3
Bc7 29. Bxc7 Qxc7 30. Qd2 Qf7 31. Nd3 Rxe1+ 32. Rxe1 Re8 33. Ne5 Qf6 34. Bf1 f4
35. f3 fxg3 36. hxg3 Bf5 37. Kf2 Nc8 38. Bd3 Bxd3 39. Qxd3 h6 40. Qa6 Ne7 41.
Qxa5 Qf5 42. Qxb4 Qh3 43. Rg1 Nf5 44. Qc3 h5 45. Rg2 Nh6 46. Qd3 Rf8 47. a5
Ng4+ 48. Nxg4 hxg4 49. f4 Rxf4+ 50. Kg1 Rf3 51. Qe2 Rxb3 52. Qe1 Rd3 53. a6
Rxd4 54. Rh2 Rd1 55. Qxd1 Qxg3+ 56. Kh1 Qf4 57. Qe2 Qf7 58. a7 Qf8 59. Qe6+ 1-0

[Event "Lichtenberger Sommer 2018"]
[Site "?"]
[Date "2018.08.22"]
[Round "5.83"]
[White "Fricke, Janek Konrad"]
[Black "Schmalzried, Volker"]
[Result "0-1"]
[WhiteElo "1485"]
[BlackElo "1807"]
[PlyCount "52"]
[EventDate "2018.??.??"]
[WhiteTeam "SV Empor Berlin"]
[BlackTeam "vereinslos"]

1. e4 g6 2. Nf3 Bg7 3. Bc4 c5 4. d3 Nf6 5. c3 O-O 6. Be3 d6 7. h3 Nc6 8. Bb3
Bd7 9. Qd2 b5 10. Bh6 a5 11. Bxg7 Kxg7 12. a4 b4 13. h4 Rb8 14. Bc4 e5 15. b3
Bg4 16. Ng5 h6 17. Nh3 Be6 18. Bxe6 fxe6 19. cxb4 Rxb4 20. Qd1 d5 21. g4 dxe4
22. g5 hxg5 23. Nxg5 Qe7 24. h5 Rh8 25. dxe4 Nxe4 26. Qg4 Nxg5 0-1

[Event "Lichtenberger Sommer 2018"]
[Site "?"]
[Date "2018.08.22"]
[Round "5.84"]
[White "Rehmsmeier, Marc"]
[Black "Lange, Malina"]
[Result "1-0"]
[WhiteElo "1735"]
[BlackElo "1488"]
[PlyCount "121"]
[EventDate "2018.??.??"]
[WhiteTeam "SK International Berlin 2010"]
[BlackTeam "SV Mattnetz Berlin"]

1. d4 d5 2. c4 dxc4 3. Nf3 Nf6 4. e3 Bf5 5. Bxc4 e6 6. O-O Nc6 7. a3 Bd6 8. Nc3
O-O 9. Re1 e5 10. d5 e4 11. dxc6 exf3 12. gxf3 Bh3 13. f4 Qc8 14. Qf3 b6 15.
Nd5 Nxd5 16. Bxd5 Qg4+ 17. Qg3 Rfe8 18. Bf3 Qf5 19. Bd2 Qg6 20. Bc3 Qxg3+ 21.
fxg3 Rad8 22. Kf2 Bf5 23. b4 Be4 24. Rad1 Bxf3 25. Kxf3 f5 26. Rd3 b5 27. Red1
Be7 28. Rd7 Bd6 29. Rxd8 Rxd8 30. Be5 Be7 31. Rxd8+ Bxd8 32. g4 fxg4+ 33. Kxg4
g6 34. f5 Kf7 35. e4 a6 36. h4 h5+ 37. Kg3 gxf5 38. exf5 Ke7 39. Bf4 Kf7 40.
Bg5 Be7 41. Bxe7 Kxe7 42. Kf3 Kf7 43. Ke4 Ke7 44. Ke5 Kf7 45. f6 Kf8 46. Ke6
Ke8 47. f7+ Kf8 48. Kd7 Kxf7 49. Kxc7 Kf6 50. Kd6 Kf5 51. c7 Kg4 52. c8=Q+ Kxh4
53. Kd5 Kg3 54. Ke4 h4 55. Qg8+ Kf2 56. Qg4 h3 57. Qf3+ Kg1 58. Qg3+ Kh1 59.
Kf3 a5 60. Kf2 h2 61. Qg2# 1-0

[Event "Lichtenberger Sommer 2018"]
[Site "?"]
[Date "2018.08.22"]
[Round "5.85"]
[White "Müller, Johannes"]
[Black "Wieczorek, Martin"]
[Result "0-1"]
[WhiteElo "1775"]
[BlackElo "1426"]
[PlyCount "78"]
[EventDate "2018.??.??"]
[WhiteTeam "SC Eintracht Berlin"]
[BlackTeam "SK Dessau 93"]

1. e4 e6 2. d4 d5 3. Nc3 Nf6 4. e5 Nfd7 5. Nce2 c5 6. c3 Nc6 7. f4 Qb6 8. Nf3
cxd4 9. cxd4 Be7 10. g3 f6 11. Bh3 O-O 12. Bxe6+ Kh8 13. Bxd5 fxe5 14. Bxc6
Qxc6 15. O-O e4 16. Ne5 Nxe5 17. fxe5 Bd7 18. Be3 g5 19. Qd2 Bh3 20. Rxf8+ Rxf8
21. d5 Qg6 22. Qe1 Rf1+ 23. Qxf1 Bxf1 24. Rxf1 Qa6 25. Nc3 Qd3 26. Bxa7 Bb4 27.
e6 Qc4 28. Rf7 Kg8 29. Rf5 h6 30. Bb8 Bc5+ 31. Kg2 Qd3 32. Kh3 e3 33. Re5 Qf1+
34. Kg4 Qf6 35. Ne4 Qg6 36. Nxc5 h5+ 37. Kh3 Qf6 38. Rxg5+ Qxg5 39. Nd7 Qf5+
0-1

[Event "Lichtenberger Sommer 2018"]
[Site "?"]
[Date "2018.08.22"]
[Round "5.86"]
[White "Hömke, Holger"]
[Black "Völler, Lothar"]
[Result "1-0"]
[WhiteElo "1578"]
[BlackElo "1689"]
[PlyCount "120"]
[EventDate "2018.??.??"]
[WhiteTeam "SK Zehlendorf"]
[BlackTeam "FS Dortmund"]

1. c4 Nf6 2. d4 e6 3. Bg5 Be7 4. Nf3 O-O 5. e3 d5 6. Nc3 Nbd7 7. Bd3 c5 8. Qc2
h6 9. Bh4 a6 10. O-O dxc4 11. Bxc4 b5 12. Be2 cxd4 13. Nxd4 Bb7 14. Bf3 Bxf3
15. Nxf3 Qc7 16. Bg3 Qb7 17. Rfd1 Rac8 18. Qe2 b4 19. Na4 b3 20. a3 Rc2 21. Rd2
Rfc8 22. Nc3 R8xc3 23. bxc3 b2 24. Rb1 Rc1+ 25. Rd1 Rxb1 26. Rxb1 Bxa3 27. Nd2
Ne4 28. Qd3 Nxd2 29. Qxd2 Nc5 30. f3 Nb3 31. Qd8+ Kh7 32. c4 Qb4 33. Qd3+ f5
34. Be1 Qa4 35. Bc3 Nc1 36. Qd2 Qxc4 37. Bxb2 Nb3 38. Qc3 Qxc3 39. Bxc3 Nc5 40.
Ra1 Bc1 41. Rxc1 Nb3 42. Rb1 Nc5 43. Bd4 Nd7 44. f4 Kg6 45. Ra1 Kf7 46. Rxa6 g5
47. Ra7 Ke8 48. Bg7 gxf4 49. exf4 h5 50. Kf2 Nc5 51. Kg3 Nd3 52. Be5 Ne1 53.
Rh7 h4+ 54. Rxh4 Kf7 55. Rh6 Nc2 56. Rf6+ Ke7 57. h4 Ne3 58. h5 Ng4 59. Rg6 Ne3
60. Bf6+ Kf8 1-0

[Event "Lichtenberger Sommer 2018"]
[Site "?"]
[Date "2018.08.22"]
[Round "5.87"]
[White "Wahner, Eberhard"]
[Black "Kirves, Martin"]
[Result "0-1"]
[WhiteElo "1605"]
[BlackElo "1332"]
[PlyCount "72"]
[EventDate "2018.??.??"]
[WhiteTeam "SC Eintracht Berlin"]
[BlackTeam "BSC Rehberge"]

1. c4 f5 2. Nc3 Nf6 3. Nf3 e6 4. g3 Be7 5. Bg2 O-O 6. d4 d6 7. O-O a5 8. a3 Ne4
9. Qc2 Nxc3 10. Qxc3 Qe8 11. Rb1 Bf6 12. Qc2 Qh5 13. e3 e5 14. dxe5 dxe5 15. b4
e4 16. Nd4 Bxd4 17. exd4 Nc6 18. Rd1 g5 19. b5 Ne7 20. d5 Rf6 21. Qd2 f4 22.
Bxe4 Bg4 23. f3 Bxf3 24. Bxf3 Qxf3 25. Rf1 Qg4 26. Rb3 Nf5 27. Qg2 Nd4 28. Rb2
f3 29. Qd2 Ne2+ 30. Kh1 h6 31. Rc2 Qh3 32. Rf2 Nxg3+ 33. Kg1 Ne2+ 34. Rxe2 Qg4+
35. Rg2 fxg2 36. Qxg2 Qd1+ 0-1

[Event "Lichtenberger Sommer 2018"]
[Site "?"]
[Date "2018.08.22"]
[Round "5.88"]
[White "Zielke, Ansgar"]
[Black "Jiranek, Benno"]
[Result "1-0"]
[WhiteElo "1608"]
[BlackElo "1469"]
[PlyCount "113"]
[EventDate "2018.??.??"]
[WhiteTeam "Borussia Lichtenberg"]
[BlackTeam "SC Kreuzberg"]

1. d4 f5 2. c4 Nf6 3. Nc3 d6 4. Nf3 g6 5. e3 Bg7 6. Bd3 O-O 7. O-O Qe8 8. Re1
Nc6 9. a3 e5 10. dxe5 dxe5 11. Bc2 Nd8 12. Bb3 c6 13. Nd2 Nf7 14. e4 f4 15. c5
Be6 16. f3 Rd8 17. Bxe6 Qxe6 18. b4 Rd3 19. Qc2 Rfd8 20. Rd1 a6 21. Bb2 Qe7 22.
Nc4 Rxd1+ 23. Rxd1 Rd4 24. Rxd4 exd4 25. Ne2 Nh5 26. Bxd4 Bxd4+ 27. Nxd4 Qg5
28. Qd2 Qf6 29. Nc2 Qg5 30. Ne1 Kg7 31. Qb2+ Kh6 32. Nd3 Ng3 33. hxg3 fxg3 34.
Qd2 Qxd2 35. Nxd2 Kg7 36. Nf1 h5 37. Nxg3 h4 38. Ne2 Ng5 39. Nef4 Kf6 40. Kf2
Nf7 41. Ke3 g5 42. Ne2 Nh6 43. Nf2 Nf7 44. Ng4+ Ke6 45. Kd4 Ke7 46. Nc1 Nd8 47.
Nb3 Ne6+ 48. Ke5 Nf4 49. Ne3 h3 50. gxh3 Nxh3 51. Kf5 Kf7 52. Na5 Kg7 53. Nxb7
Kh6 54. Nd8 Kh5 55. Nxc6 Kh4 56. Ne5 Kg3 57. c6 1-0

[Event "Lichtenberger Sommer 2018"]
[Site "?"]
[Date "2018.08.22"]
[Round "5.89"]
[White "Plaza Reino, Mateo"]
[Black "Tedesco, Gennaro"]
[Result "1/2-1/2"]
[WhiteElo "1410"]
[BlackElo "1706"]
[PlyCount "51"]
[EventDate "2018.??.??"]
[WhiteTeam "Enniscorthy Chess Club"]
[BlackTeam "SC Kreuzberg"]

1. d4 d5 2. Bf4 Nf6 3. e3 c5 4. c3 Nc6 5. h3 Qb6 6. Qc2 g6 7. dxc5 Qxc5 8. Nf3
Bg7 9. Bd3 O-O 10. O-O Re8 11. Bh2 e5 12. Be2 e4 13. Nfd2 Bf5 14. Nb3 Qe7 15.
Qd2 Rad8 16. Nd4 Nxd4 17. cxd4 a6 18. Nc3 b5 19. a3 Be6 20. Rac1 Rc8 21. Na2
Nd7 22. Nb4 Ra8 23. Rc7 Qg5 24. Bf4 Qh4 25. Bg3 Qg5 26. Bf4 1/2-1/2

[Event "Lichtenberger Sommer 2018"]
[Site "?"]
[Date "2018.08.22"]
[Round "5.90"]
[White "Vesely, Martin"]
[Black "Torosyan, Bagrat"]
[Result "1-0"]
[WhiteElo "1703"]
[BlackElo "1309"]
[PlyCount "139"]
[EventDate "2018.??.??"]
[WhiteTeam "SV Berlin-Friedrichstadt"]
[BlackTeam "Schachpinguine Berlin"]

1. e4 c6 2. d4 d5 3. exd5 cxd5 4. Nf3 Nf6 5. Be2 Bf5 6. O-O e6 7. Re1 Bd6 8. c3
O-O 9. Bg5 h6 10. Bh4 Be7 11. Nbd2 Ne4 12. Bxe7 Qxe7 13. Nxe4 Bxe4 14. Bd3 Bxd3
15. Qxd3 Nd7 16. Ne5 Nxe5 17. Rxe5 a6 18. Qg3 Qf6 19. Rae1 Rfe8 20. f4 Red8 21.
Rf1 Rd7 22. f5 exf5 23. Rfxf5 Qc6 24. Qe3 Kf8 25. Rf2 Rdd8 26. Qd3 Kg8 27. Qf3
Rd7 28. Rfe2 Rf8 29. Qf5 Rdd8 30. Rf2 Qd6 31. Rfe2 b5 32. g4 Qg6 33. Qxg6 fxg6
34. Re6 Rf6 35. Rxf6 gxf6 36. Re6 Kf7 37. Rxa6 Re8 38. Kf2 Re6 39. Ra7+ Re7 40.
Rxe7+ Kxe7 41. b3 Kd6 42. a4 bxa4 43. bxa4 Kc6 44. Ke3 Kb6 45. Kd3 h5 46. gxh5
gxh5 47. c4 dxc4+ 48. Kxc4 Kc6 49. d5+ Kb6 50. Kd4 f5 51. Ke5 h4 52. Kxf5 Kc5
53. Ke6 Kb4 54. d6 Kxa4 55. d7 Kb3 56. d8=Q h3 57. Qd3+ Kb4 58. Qxh3 Kc4 59.
Qf5 Kd4 60. Qe5+ Kd3 61. h4 Kc4 62. h5 Kd3 63. h6 Kc4 64. h7 Kd3 65. h8=R Kc4
66. Rc8+ Kd3 67. Rd8+ Kc4 68. Qc7+ Kb4 69. Rb8+ Ka4 70. Qa7# 1-0

[Event "Lichtenberger Sommer 2018"]
[Site "?"]
[Date "2018.08.22"]
[Round "5.92"]
[White "Engesser, Philipp"]
[Black "Toth, Hans-Jürgen"]
[Result "1-0"]
[WhiteElo "1626"]
[BlackElo "1452"]
[PlyCount "45"]
[EventDate "2018.??.??"]
[WhiteTeam "Esv Askoe Admira Villach"]
[BlackTeam "SF Zehdenick"]

1. e4 e6 2. d4 d5 3. Nc3 Bb4 4. e5 Ne7 5. a3 Bxc3+ 6. bxc3 Nbc6 7. Bd3 Bd7 8.
Nf3 h6 9. h4 Ng8 10. h5 Nge7 11. g4 f6 12. Nh4 a6 13. Ng6 Nxg6 14. Bxg6+ Kf8
15. a4 Ne7 16. Ba3 Be8 17. Qf3 Bxg6 18. hxg6 Qe8 19. exf6 Qc6 20. fxg7+ Ke8 21.
Qf7+ Kd8 22. Qxe7+ Kc8 23. gxh8=Q+ 1-0

[Event "Lichtenberger Sommer 2018"]
[Site "?"]
[Date "2018.08.22"]
[Round "5.93"]
[White "Fontaine, Constantin"]
[Black "Morczynski, Joachim"]
[Result "0-1"]
[WhiteElo "1487"]
[BlackElo "1583"]
[PlyCount "61"]
[EventDate "2018.??.??"]
[WhiteTeam "SK Tempelhof 1931"]
[BlackTeam "SK Zehlendorf"]

1. e4 g6 2. d4 Bg7 3. f4 d6 4. Nf3 c5 5. Bb5+ Bd7 6. Bxd7+ Nxd7 7. O-O Qb6 8.
c3 cxd4 9. Nxd4 e5 10. fxe5 dxe5 11. Qb3 Ngf6 12. Qxb6 Nxb6 13. Nf3 Nxe4 14.
Re1 f5 15. Nbd2 Nxd2 16. Bxd2 e4 17. Nd4 Rd8 18. Bg5 Bxd4+ 19. cxd4 Rd6 20.
Rac1 Kd7 21. Bf4 Rc6 22. Rxc6 bxc6 23. Be5 Re8 24. g4 Nc4 25. gxf5 gxf5 26. Bg7
Rg8 27. b3 Rxg7+ 28. Kh1 Nd2 29. Rd1 e3 30. Re1 Nf3 31. Rf1 0-1

[Event "Lichtenberger Sommer 2018"]
[Site "?"]
[Date "2018.08.22"]
[Round "5.95"]
[White "Lippianowski, Stefan"]
[Black "Fiedler, Ronald"]
[Result "1/2-1/2"]
[WhiteElo "1090"]
[BlackElo "1657"]
[PlyCount "64"]
[EventDate "2018.??.??"]
[WhiteTeam "SV Mattnetz Berlin"]
[BlackTeam "Läufer Reinickendorf"]

1. e4 c5 2. Bc4 e6 3. Nc3 Nc6 4. Nf3 a6 5. d4 cxd4 6. Nxd4 Qc7 7. Bb3 b5 8.
Nxc6 Qxc6 9. Nd5 Bb7 10. O-O exd5 11. exd5 Qg6 12. Re1+ Kd8 13. Qd2 Bd6 14.
Qg5+ Qxg5 15. Bxg5+ f6 16. Be3 Ne7 17. Bb6+ Bc7 18. Bxc7+ Kxc7 19. Rxe7 Kd6 20.
Rae1 Rhg8 21. Rf7 Rae8 22. Rxe8 Rxe8 23. Kf1 Re7 24. Rf8 Bxd5 25. Rb8 Bxb3 26.
cxb3 Kc7 27. Ra8 d5 28. Ra7+ Kd8 29. Ra8+ Kd7 30. Ra7+ Ke8 31. Rxa6 d4 32. Ra8+
Kd7 1/2-1/2

[Event "Lichtenberger Sommer 2018"]
[Site "?"]
[Date "2018.08.22"]
[Round "5.96"]
[White "Kossueva, Fatima"]
[Black "Wadepfuhl, Jeremy"]
[Result "1/2-1/2"]
[WhiteElo "1365"]
[BlackElo "1526"]
[PlyCount "102"]
[EventDate "2018.??.??"]
[WhiteTeam "SC Friesen Lichtenberg"]
[BlackTeam "Borussia Lichtenberg"]

1. e4 e5 2. Nf3 Nc6 3. Bc4 Bc5 4. b4 Bxb4 5. c3 Bc5 6. d4 exd4 7. Qb3 Qe7 8.
O-O Na5 9. Bxf7+ Qxf7 10. Qxf7+ Kxf7 11. cxd4 Be7 12. Nc3 d6 13. Nd5 Bd8 14.
Ng5+ Kf8 15. f4 h6 16. Nf3 Be6 17. Ne3 Nc4 18. d5 Nxe3 19. Bxe3 Bg4 20. e5 Ne7
21. Rad1 Kg8 22. Bc1 Kh7 23. Rd3 Rf8 24. h3 Bxf3 25. Rfxf3 dxe5 26. fxe5 Rxf3
27. gxf3 Nf5 28. f4 Be7 29. Rc3 Bd8 30. Kg2 a5 31. Bd2 b6 32. Rc1 Kg8 33. Rc3
Ra7 34. Kf3 h5 35. Bc1 Be7 36. Bb2 Bc5 37. Bc1 Ra8 38. Ba3 Bxa3 39. Rxa3 Re8
40. Rc3 Re7 41. Ke4 g6 42. Rc6 Kg7 43. Kd3 Rf7 44. d6 Rd7 45. Rxc7 Rxc7 46.
dxc7 Ne7 47. Kc4 Kf7 48. Kb5 Ke6 49. Kxb6 Kf5 50. Kc5 Ke6 51. Kb6 Kf5 1/2-1/2

[Event "Lichtenberger Sommer 2018"]
[Site "?"]
[Date "2018.08.22"]
[Round "5.97"]
[White "Bastian, Reinhard"]
[Black "Geist, Wolfgang"]
[Result "1-0"]
[WhiteElo "1667"]
[BlackElo "1416"]
[PlyCount "77"]
[EventDate "2018.??.??"]
[WhiteTeam "vereinslos"]
[BlackTeam "SC Weisse Dame (Berlin)"]

1. e4 Nf6 2. Nc3 e5 3. Nf3 d6 4. d4 Be7 5. dxe5 Nfd7 6. Bf4 dxe5 7. Nxe5 Nxe5
8. Qxd8+ Bxd8 9. Bxe5 O-O 10. Bd3 Nc6 11. Bg3 Nb4 12. O-O Nxd3 13. cxd3 c6 14.
d4 Ba5 15. Rad1 Bg4 16. f3 Bh5 17. a3 Rfd8 18. b4 Bb6 19. Bf2 Bc7 20. Na4 b5
21. Nc5 Bb6 22. Rc1 Rac8 23. Rc3 f6 24. Ne6 Re8 25. Nc5 Bf7 26. Rfc1 Bxc5 27.
Rxc5 Bc4 28. a4 a6 29. axb5 axb5 30. h3 Kf7 31. Ra1 g5 32. Ra6 Ra8 33. Rcxc6
Rxa6 34. Rxa6 Rc8 35. d5 Bd3 36. Bc5 h5 37. Ra7+ Kg6 38. d6 Rd8 39. d7 1-0

[Event "Lichtenberger Sommer 2018"]
[Site "?"]
[Date "2018.08.22"]
[Round "5.98"]
[White "Krawatzki, Armin"]
[Black "Vollmar, Timo"]
[Result "1-0"]
[WhiteElo "1654"]
[BlackElo "1477"]
[PlyCount "45"]
[EventDate "2018.??.??"]
[WhiteTeam "Läufer Reinickendorf"]
[BlackTeam "BSV 63 Chemie Weißensee"]

1. Nf3 Nf6 2. d4 d5 3. Bf4 g6 4. Nc3 Bg7 5. e3 O-O 6. Be2 Nc6 7. h3 Bf5 8. O-O
Qd7 9. a3 Rfe8 10. Bb5 a6 11. Bxc6 Qxc6 12. Ne5 Qb6 13. b4 c6 14. Na4 Qd8 15.
Qe2 Nd7 16. Nxd7 Qxd7 17. Nb6 Qe6 18. Nxa8 Rxa8 19. g4 Bxd4 20. gxf5 gxf5 21.
Rab1 Kh8 22. Qf3 Rg8+ 23. Kh2 1-0